| 000 | 00658nam a2200229Ia 4500 | ||
|---|---|---|---|
| 008 | 140626s9999 xx 000 0 und d | ||
| 100 | _aRobie, David. | ||
| 245 |
_aConflict reporting in the South Pacific : _b a critical reflexive approach to Timor-Leste and West Papua / _c David.Robie |
||
| 260 | _cc2013. | ||
| 300 | _a40 : 2, page 147 | ||
| 440 | _aMedia Asia | ||
| 521 | _aMC | ||
| 650 | _aCommunication. | ||
| 650 | _aConflict report. | ||
| 650 | _aPeace journalism. | ||
| 650 | _aRealistic terms. | ||
| 650 | _aSouth pacific. | ||
| 650 | _aTimor-leste. | ||
| 650 | _aWest Papua. | ||
| 650 | _aWestern pacific conflict. | ||
| 942 | _cSE | ||
| 999 |
_c121199 _d121199 |
||